Every Player to Score in the Premier League in the 23-24 Season - Statistics

General Stats
  • This quiz has been taken 84 times
    12 since last reset
  • The average score is 81 of 298
Answer Stats
Team Goals Answer % Correct
Newcastle 21 Alexander Isak
100%
Chelsea 22 Cole Palmer
100%
Manchester City 27 Erling Haaland
100%
Liverpool 18 Mohamed Salah
100%
Tottenham 17 Son Heung-Min
100%
Arsenal 16 Bukayo Saka
92%
Arsenal 6 Gabriel Martinelli
92%
West Ham 16 Jarrod Bowen
92%
Chelsea 14 Nicolas Jackson
92%
Aston Villa 19 Ollie Watkins
92%
Liverpool 3 Trent Alexander-Arnold
92%
Arsenal 4 Gabriel Jesus
83%
Arsenal 13 Kai Havertz
83%
Liverpool 8 Luis Diaz
83%
Manchester United 7 Marcus Rashford
83%
Wolves 12 Matheus Cunha
83%
Manchester City 19 Phil Foden
83%
Newcastle 11 Anthony Gordon
75%
Nottingham Forest 14 Chris Wood
75%
Liverpool 11 Darwin Nunez
75%
Arsenal 7 Declan Rice
75%
Bournemouth 19 Dominic Solanke
75%
Crystal Palace 11 Eberechi Eze
75%
Crystal Palace 16 Jean-Philippe Mateta
75%
Liverpool 2 Virgil van Dijk
75%
Liverpool 3 Andy Robertson
67%
Manchester City 6 Bernardo Silva
67%
Manchester United 10 Bruno Fernandes
67%
Liverpool 8 Cody Gakpo
67%
Liverpool 10 Diogo Jota
67%
Wolves 12 Hwang Hee-Chan
67%
Manchester City 4 Kevin De Bruyne
67%
Arsenal 12 Leandro Trossard
67%
Arsenal 8 Martin Odegaard
67%
Tottenham 3 Micky van de Ven
67%
Manchester United 10 Rasmus Hojlund
67%
Chelsea 3 Thiago Silva
67%
Brentford 12 Yoane Wissa
67%
Manchester United 7 Alejandro Garnacho
58%
Liverpool 5 Alexis Mac Allister
58%
Manchester United 1 Casemiro
58%
West Ham 1 Edson Alvarez
58%
Arsenal 4 Gabriel Magalhaes
58%
Brentford 4 Ivan Toney
58%
Manchester City 11 Julian Alvarez
58%
Crystal Palace 10 Michael Olise
58%
Chelsea 8 Raheem Sterling
58%
Tottenham 11 Richarlison
58%
Brentford 9 Bryan Mbuemo
50%
Tottenham 8 Dejan Kulusevski
50%
Manchester City 3 Jeremy Doku
50%
West Ham 6 Michail Antonio
50%
Nottingham Forest 5 Morgan Gibbs-White
50%
Wolves 2 Pedro Neto
50%
Manchester City 8 Rodri
50%
Arsenal 2 William Saliba
50%
Fulham 2 Adama Traore
42%
Nottingham Forest 5 Anthony Elanga
42%
Manchester United 1 Antony
42%
Tottenham 5 Brennan Johnson
42%
Luton Town 11 Carlton Morris
42%
Liverpool 1 Conor Bradley
42%
Tottenham 5 Cristian Romero
42%
Chelsea 3 Enzo Fernandez
42%
Liverpool 3 Harvey Elliott
42%
Aston Villa 6 John McGinn
42%
Manchester City 1 John Stones
42%
Manchester City 4 Josko Gvardiol
42%
Brighton 3 Kaoru Mitoma
42%
Manchester City 2 Nathan Ake
42%
Chelsea 5 Noni Madueke
42%
Tottenham 3 Pedro Porro
42%
Fulham 7 Raul Jimenez
42%
Fulham 9 Rodrigo Muniz
42%
Liverpool 1 Ryan Gravenberch
42%
Newcastle 1 Sandro Tonali
42%
Manchester United 1 Amad Diallo
33%
Everton 1 Andre Gomes
33%
Arsenal 4 Ben White
33%
Newcastle 7 Bruno Guimaraes
33%
Chelsea 3 Christopher Nkunku
33%
Newcastle 2 Dan Burn
33%
Brighton 5 Danny Welbeck
33%
Manchester United 2 Diogo Dalot
33%
Everton 7 Dominic Calvert-Lewin
33%
Liverpool 3 Dominik Szoboszlai
33%
Arsenal 5 Eddie Nketiah
33%
Manchester United 2 Harry Maguire
33%
Manchester City 3 Jack Grealish
33%
Newcastle 3 Jacob Murphy
33%
Tottenham 4 James Maddison
33%
Wolves 2 Joao Gomes
33%
Brighton 9 Joao Pedro
33%
Newcastle 2 Joelinton
33%
Manchester United 3 Kobbie Mainoo
33%
Aston Villa 10 Leon Bailey
33%
Brighton 3 Lewis Dunk
33%
Manchester City 2 Manuel Akanji
33%
Manchester United 1 Mason Mount
33%
Manchester City 1 Mateo Kovacic
33%
Tottenham 3 Pape Sarr
33%
Luton Town 5 Ross Barkley
33%
West Ham 7 Tomas Soucek
33%
Wolves 1 Toti Gomes
33%
Liverpool 1 Wataru Endo
33%
Aston Villa 2 Youri Tielemans
33%
Everton 7 Abdoulaye Doucoure
25%
Fulham 5 Alex Iwobi
25%
Bournemouth 8 Antoine Semenyo
25%
Everton 3 Beto
25%
Nottingham Forest 8 Callum Hudson-Odoi
25%
Newcastle 9 Callum Wilson
25%
Liverpool 1 Curtis Jones
25%
Tottenham 2 Destiny Udogie
25%
Luton Town 10 Elijah Adebayo
25%
Brighton 6 Evan Ferguson
25%
Aston Villa 1 Ezri Konsa
25%
Newcastle 4 Fabian Schar
25%
Fulham 4 Harry Wilson
25%
Newcastle 5 Harvey Barnes
25%
Luton Town 2 Jacob Brown
25%
Aston Villa 1 Jacob Ramsey
25%
Liverpool 2 Jarell Quansah
25%
Wolves 2 Jean-Ricner Bellegarde
25%
Brighton 1 Joel Veltman
25%
Burnley 4 Josh Brownhill
25%
Bournemouth 7 Justin Kluivert
25%
Chelsea 1 Levi Colwill
25%
Newcastle 1 Lewis Hall
25%
Aston Villa 1 Lucas Digne
25%
Aston Villa 2 Matty Cash
25%
West Ham 8 Mohammed Kudus
25%
Chelsea 1 Moises Caicedo
25%
Aston Villa 6 Moussa Diaby
25%
Chelsea 5 Mykhailo Mudryk
25%
Arsenal 1 Oleksandr Zinchenko
25%
Manchester City 1 Oscar Bobb
25%
Wolves 4 Pablo Sarabia
25%
Manchester City 2 Rico Lewis
25%
Tottenham 1 Rodrigo Bentancur
25%
Newcastle 6 Sean Longstaff
25%
Brighton 3 Solly March
25%
Nottingham Forest 6 Taiwo Awoniyi
25%
Arsenal 2 Takehiro Tomiyasu
25%
Fulham 3 Andreas Pereira
17%
Chelsea 2 Axel Disasi
17%
Fulham 6 Bobby De Cordova-Reid
17%
Manchester United 1 Christian Eriksen
17%
West Ham 1 Danny Ings
17%
Burnley 3 Dara O'Shea
17%
Burnley 4 David Datro Fofana
17%
West Ham 1 Emerson
17%
Tottenham 1 Emerson Royal
17%
Brentford 2 Ethan Pinnock
17%
Everton 3 Jack Harrison
17%
Brighton 3 Jack Hinshelwood
17%
Arsenal 1 Jakub Kiwior
17%
Everton 1 James Tarkowski
17%
Aston Villa 5 Jhon Duran
17%
Crystal Palace 2 Joachim Andersen
17%
Fulham 4 Joao Palhinha
17%
Newcastle 1 Joe Willock
17%
Crystal Palace 4 Jordan Ayew
17%
Luton Town 1 Jordan Clark
17%
Brentford 2 Kevin Schade
17%
Newcastle 1 Kieran Trippier
17%
West Ham 1 Konstantinos Mavropanos
17%
Brentford 2 Kristoffer Ajer
17%
Newcastle 1 Lewis Miley
17%
West Ham 4 Lucas Paqueta
17%
Luton Town 1 Mads Andersen
17%
Brentford 1 Mads Roerslev
17%
Brentford 3 Mathias Jensen
17%
Wolves 1 Matt Doherty
17%
Aston Villa 3 Morgan Rogers
17%
Nottingham Forest 1 Ola Aina
17%
Brighton 4 Pascal Gross
17%
Aston Villa 2 Pau Torres
17%
Brighton 2 Pervis Estupinan
17%
Manchester United 1 Raphael Varane
17%
Wolves 2 Rayan Ait-Nouri
17%
Nottingham Forest 1 Ryan Yates
17%
Burnley 1 Sander Berge
17%
Fulham 1 Sasa Lukic
17%
Manchester United 7 Scott McTominay
17%
Newcastle 2 Sven Botman
17%
Luton Town 4 Tahith Chong
17%
Tottenham 2 Timo Werner
17%
Newcastle 1 Tino Livramento
17%
Chelsea 1 Trevoh Chalobah
17%
Brentford 1 Vitaly Janelt
17%
Nottingham Forest 2 Willy-Arnaud Boly
17%
Burnley 5 Zeki Amdouni
17%
Aston Villa 2 Alex Moreno
8%
Luton Town 2 Alfie Doughty
8%
Chelsea 1 Alfie Gilchrist
8%
Everton 2 Amadou Onana
8%
Luton Town 1 Andros Townsend
8%
Sheffield United 2 Anel Ahmedhodzic
8%
Brighton 2 Ansu Fati
8%
Manchester United 1 Anthony Martial
8%
Chelsea 1 Armando Broja
8%
Sheffield United 6 Ben Brereton
8%
Tottenham 1 Ben Davies
8%
Brentford 2 Ben Mee
8%
Chelsea 1 Carney Chukwuemeka
8%
Luton Town 4 Chiedozie Ogbene
8%
Crystal Palace 1 Chris Richards
8%
Brentford 2 Christian Norgaard
8%
Chelsea 5 Conor Gallagher
8%
Wolves 1 Craig Dawson
8%
Aston Villa 9 Douglas Luiz
8%
Bournemouth 2 Enes Unal
8%
Arsenal 1 Fabio Vieira
8%
Brentford 1 Frank Onyeka
8%
Tottenham 2 Giovani Lo Celso
8%
Manchester United 1 Hannibal Mejbri
8%
Everton 4 Idrissa Gueye
8%
Bournemouth 1 Illia Zabarnyi
8%
Sheffield United 1 Jack Robinson
8%
Burnley 6 Jacob Bruun Larsen
8%
Newcastle 1 Jamaal Lascelles
8%
Everton 1 James Garner
8%
Sheffield United 3 James McAtee
8%
West Ham 7 James Ward-Prowse
8%
Everton 3 Jarrad Branthwaite
8%
Sheffield United 3 Jayden Bogle
8%
Burnley 2 Jay Rodriguez
8%
Crystal Palace 1 Jefferson Lerma
8%
Brentford 3 Keane Lewis-Potter
8%
Fulham 1 Kenny Tete
8%
Bournemouth 2 Luis Sinisterra
8%
Burnley 5 Lyle Foster
8%
Bournemouth 4 Marcos Senesi
8%
Bournemouth 3 Marcus Tavernier
8%
Wolves 4 Mario Lemina
8%
Newcastle 1 Matt Ritchie
8%
Wolves 2 Maximilian Kilman
8%
Everton 1 Michael Keane
8%
Newcastle 3 Miguel Almiron
8%
Brentford 1 Nathan Collins
8%
Brentford 6 Neal Maupay
8%
Aston Villa 2 Nicolo Zaniolo
8%
Sheffield United 6 Oliver McBurnie
8%
Brighton 6 Simon Adingra
8%
Fulham 1 Timothy Castagne
8%
Fulham 1 Tom Cairney
8%
Crystal Palace 2 Tyrick Mitchell
8%
Manchester United 1 Victor Lindelof
8%
Everton 2 Vitalii Mykolenko
8%
Fulham 4 Willian
8%
Burnley 3 Wilson Odobert
8%
Luton Town 1 Albert Sambi Lokonga
0%
Tottenham 1 Alejo Veliz
0%
Bournemouth 1 Alex Scott
0%
Burnley 1 Ameen Al Dakhil
0%
Everton 1 Arnaut Danjuma
0%
Fulham 1 Calvin Bassey
0%
Sheffield United 4 Cameron Archer
0%
Fulham 2 Carlos Vinicius
0%
Luton Town 1 Cauley Woodrow
0%
Burnley 1 Charlie Taylor
0%
Bournemouth 1 Dango Ouattara
0%
Nottingham Forest 2 Danilo
0%
Bournemouth 1 David Brooks
0%
Everton 3 Dwight McNeal
0%
Brighton 3 Facundo Buonanotte
0%
Luton Town 2 Gabriel Osho
0%
West Ham 1 George Earthy
0%
Sheffield United 4 Gustavo Hamer
0%
Nottingham Forest 1 Harry Toffolo
0%
Crystal Palace 2 Jeffrey Schlupp
0%
Burnley 1 Johann Gudmundsson
0%
Burnley 2 Josh Cullen
0%
Bournemouth 1 Kieffer Moore
0%
West Ham 3 Kurt Zouma
0%
Aston Villa 1 Leander Dendoncker
0%
Everton 1 Lewis Dobbin
0%
Burnley 1 Lorenz Assignon
0%
Burnley 1 Luca Koleosho
0%
Luton Town 2 Luke Berry
0%
West Ham 1 Maxwel Cornet
0%
Nottingham Forest 1 Moussa Niakhate
0%
West Ham 1 Nayef Aguerd
0%
Nottingham Forest 2 Nicolas Dominguez
0%
Crystal Palace 7 Odsonne Edouard
0%
Sheffield United 1 Oliver Norwood
0%
Nottingham Forest 1 Orel Mangala
0%
Bournemouth 2 Phillip Billing
0%
Brentford 1 Saman Ghoddos
0%
Wolves 2 Sasa Kalajdzic
0%
Brentford 1 Shandon Baptiste
0%
Luton Town 1 Teden Mengi
0%
Fulham 1 Tim Ream
0%
Luton Town 1 Tom Lockyer
0%
Fulham 2 Tosin Adarabioyo
0%
Sheffield United 1 Vinicius Souza
0%
Brentford 1 Zanka
0%
No matching quizzes found
Score Distribution
Percent of People with Each Score
Percentile by Number Answered
Your Score History
You have not taken this quiz since the last reset